| 000 | 00613nam a2200181 a 4500 | ||
|---|---|---|---|
| 005 | 20140412111429.0 | ||
| 008 | 090226s19uu xx 00 eng d | ||
| 020 | _a0-618-47795-0 | ||
| 050 |
_aTR(GS E _bPo75 2004 |
||
| 100 | _aRichards, Kitty | ||
| 245 |
_aThe Polar Express : _bThe Journey begins / _cKitty Richards. |
||
| 260 |
_aU.S.A : _bWarner Bros, _c2004. |
||
| 300 | _a32p. | ||
| 520 | _aA Boy who is eagerly awaiting a visit from santa claus accepts a ride on a magical train headed for the north pole. | ||
| 650 | _aChristmas- fictions | ||
| 650 | _aRailroads - Trains - Fiction | ||
| 999 |
_c106316 _d106316 |
||